An outline for self education /

Bibliographic Details
Main Author: Sims, John Green, 1879-
Format: Book
Language:English
Published: [Fort Worth, Tex.] : [Bunker printing & book co.], [1926]
Subjects:

MARC

Tag First Indicator Second Indicator Subfields
LEADER 00000cam a2200000 4500
001 in00000055339
005 20151008052220.0
008 761119s1926 txu 00000 eng
010 |a  26002899  
035 |a (OCoLC)02570481 
035 |9 AAH2266AM 
040 |a DLC  |c OHI  |d TXA  |d UtOrBLW 
049 |a TXAM  |c [51146] 
050 0 0 |a LC31  |b .S5 
092 |a 374  |b S614o 
100 1 |a Sims, John Green,  |d 1879- 
245 1 3 |a An outline for self education /  |c by John G. Sims, jr. 
264 1 |a [Fort Worth, Tex.] :  |b [Bunker printing & book co.],  |c [1926] 
264 4 |c [©1926] 
300 |a 169 pages ;  |c 19 1/2 cm. 
336 |a text  |b txt  |2 rdacontent 
337 |a unmediated  |b n  |2 rdamedia 
338 |a volume  |b nc  |2 rdacarrier 
650 0 |a Self-culture. 
740 0 |a Self education, An outline for. 
999 |a MARS 
999 f f |s 28a6993f-0410-3377-8260-5ee5caeb36b9  |i 6dd7e677-c5f1-363b-a7c7-6ae5c9a5e78b  |t 0 
952 f f |p normal  |a Texas A&M University  |b College Station  |c Sterling C. Evans Library  |d Evans: Library Stacks  |t 0  |e LC31 .S5  |h Library of Congress classification  |i unmediated -- volume  |m A14800857022 
998 f f |a LC31 .S5  |t 0  |l Evans: Library Stacks